[Event "Debrecen"]
[Site "Debrecen"]
[Date "1998.02.19"]
[Round "1"]
[White "Szabo, Gergely"]
[Black "Kosa, P."]
[Result "1/2-1/2"]
[WhiteElo "2235"]
[BlackElo "2160"]

1.e4 c5 2.Nc3 Nc6 3.Nf3 a6 4.d4 cxd4 5.Nxd4 e5 6.Nb3 Nf6 7.a3 d6 8.Be2 Be6
9.Be3 d5 10.exd5 Nxd5 11.Nxd5 Bxd5 12.O-O Bxb3 13.cxb3 Bd6 14.b4 O-O 15.b5 axb5
16.Bxb5 Nd4 17.Bd3 f5 18.f4 Qe7 19.Re1 Nc6 20.fxe5 Qxe5 21.Qh5 Bc5 22.Bxc5 Qxc5+
23.Kh1 Rad8 24.Rac1 Qd6 25.Bc4+ Kh8 26.Rcd1 Qg6 27.Qxg6 hxg6 28.Kg1 Kh7 29.Kf2 Rfe8
30.Rxd8 Rxd8 31.Re3 Kh6 32.Rd3 Rxd3 33.Bxd3 Kg5 34.Ke3 Kf6 35.Bb5 Na7 36.Be8 g5
37.Kd4 g4 38.Bd7 g6 39.b4 Ke7 40.Ba4 Kd6 41.Be8 Nc6+ 42.Ke3 g5 43.b5 Na5
44.Kd4 b6 45.Bf7 Nb7 46.Bg6 Ke6 47.Be8 Na5 48.a4 Kd6 49.Bf7 Nb7 50.Bd5 Nc5
51.a5 bxa5 52.b6 Nd7 53.b7 a4 54.Bf7 a3 55.Kc3 f4 56.Bh5 Kc7 57.Bxg4 Nc5
58.Bf3 Nxb7 59.Kb3 Nc5+ 60.Kxa3 Kd6 61.Kb4 Nd3+ 62.Kc3 Ne1 63.Ba8 Ke5 64.Kd2 Nxg2
65.Bxg2 g4 66.Ke1 Kf5 67.Bc6 Kg5 68.Kf1 Kh4 69.Kg2 Kg5 70.Bd7 Kh4  1/2-1/2

[Event "Masters"]
[Site "Bunratty"]
[Date "1998.02.23"]
[Round "5"]
[White "King, Daniel J"]
[Black "Baburin, Alexander"]
[Result "1/2-1/2"]
[WhiteElo "2530"]
[BlackElo "2600"]

1.e4 c5 2.Nc3 Nc6 3.Bb5 Nd4 4.Nf3 Nxb5 5.Nxb5 d6 6.d4 Nf6 7.Nc3 cxd4 8.Qxd4 g6
9.e5 dxe5 10.Qxd8+ Kxd8 11.Nxe5 Be6 12.Be3 Bg7 13.O-O-O+ Kc8 14.Rhe1 b6 15.Nc6 Re8
16.Nd4 Bd7 17.h3 Kb7 18.Bf4 Rad8 19.Be5 a6 20.Kb1 Bc8 21.a4 Bh6 22.a5 Nd7
23.Bg3 e5 24.Ne4 Bf8 25.Nb3 f6 26.Nd6+ Bxd6 27.Rxd6 Kc7 28.Red1 bxa5 29.f4 exf4
30.Bxf4 Ne5 31.Rxd8 Rxd8 32.Rxd8 Kxd8 33.Nc5 Nf7 34.Kc1 g5  1/2-1/2

[Event "CZE-chT 9798"]
[Site "CZE"]
[Date "1998.03.08"]
[Round "9"]
[White "Votava, Jan"]
[Black "Antoniewski, Rafal"]
[Result "0-1"]
[WhiteElo "2505"]
[BlackElo "2435"]

1.e4 c5 2.Nf3 Nc6 3.Nc3 e5 4.Bc4 d6 5.d3 Be7 6.Nd5 Nf6 7.a3 Nxd5 8.Bxd5 Be6
9.c3 Bxd5 10.exd5 Nb8 11.b4 Nd7 12.Be3 Rc8 13.Qa4 cxb4 14.Qxb4 Qc7 15.O-O O-O
16.c4 h6 17.a4 a5 18.Qb5 b6 19.Rab1 Bd8 20.Nd2 f5 21.f4 exf4 22.Bxf4 Bf6
23.Kh1 Rfe8 24.Bg3 Bg5 25.Nb3 g6 26.Nd4 Nc5 27.Rbd1 Re3 28.Qb1 Nxa4 29.Nb5 Qd7
30.Nxd6 Rf8 31.Nb5 f4 32.Bf2 Re2 33.Rde1 f3 34.gxf3 Rb2 35.Qd1 Qh3 36.Re6 Kh7
37.Qe1 Qxf3+ 38.Kg1 Bh4 39.Re7+ Bxe7 40.Qxe7+ Rf7 41.Qe3 Qf6 42.Qg3 Nc3 43.Nxc3 Qxc3
44.Be1 Qd4+ 45.Rf2 Rbxf2 46.Bxf2 Qf6 47.Qe3 a4 48.Qxb6 Qg5+  0-1

[Event "ARG-ROW"]
[Site "ICC Internet"]
[Date "1998.03.10"]
[Round "1"]
[White "Montero Martinez, Cristian"]
[Black "Piza Cortizo, Daniel"]
[Result "0-1"]
[WhiteElo "2230"]
[BlackElo "2290"]

1.e4 c5 2.Ne2 Nc6 3.Nbc3 g6 4.g3 Bg7 5.Bg2 d6 6.O-O Rb8 7.a4 e6 8.d3 Nge7
9.h4 a6 10.h5 b5 11.axb5 axb5 12.Nf4 b4 13.Nce2 O-O 14.hxg6 hxg6 15.g4 e5
16.Nd5 Bxg4 17.Bg5 f6 18.Be3 Nxd5 19.exd5 Ne7 20.Qd2 Qd7 21.c4 Bh3 22.Ng3 Kf7
23.f4 Bxg2 24.Qxg2 f5 25.Kf2 exf4 26.Bxf4 Bxb2 27.Ra6 Bd4+ 28.Ke2 Ra8 29.Rfa1 Bxa1  0-1

[Event "AUT-chT2S 9798"]
[Site "Austria"]
[Date "1998.03.13"]
[Round "9"]
[White "Dohr, Alexander"]
[Black "Pilaj, Herwig"]
[Result "1/2-1/2"]
[WhiteElo "2165"]
[BlackElo "2210"]

1.e4 c5 2.Ne2 Nc6 3.Nbc3 d6 4.d3 g6 5.h4 Nf6 6.Bg5 Bg7 7.Qd2 h6 8.Bf4 b6
9.Ng3 d5 10.exd5 Nxd5 11.Nxd5 Qxd5 12.c3 Ba6 13.Qe2 O-O-O 14.Qe4 e5 15.Bd2 Kc7
16.Qxd5 Rxd5 17.c4 Rd7 18.O-O-O h5 19.Ne4 f6 20.Rh3 Rf7 21.a3 Bc8 22.Rh1 Bh6
23.Bxh6 Rxh6 24.Re1 Rh8 25.Nc3 Rd8 26.Be2 Nd4 27.Bd1 Bb7 28.Rh3 Ne6 29.Ne2 Rg7
30.Rg1 Bc6 31.g4 hxg4 32.Rxg4 f5  1/2-1/2

[Event "AUT-chT2S 9798"]
[Site "Austria"]
[Date "1998.03.14"]
[Round "10"]
[White "Brod, Manfred"]
[Black "Bonstingl, Georg"]
[Result "1/2-1/2"]
[WhiteElo "2270"]
[BlackElo "2235"]

1.e4 c5 2.Nc3 Nc6 3.Nge2 g6 4.d4 cxd4 5.Nxd4 Bg7 6.Be3 d6 7.Qd2 Nf6 8.f3 O-O
9.O-O-O d5 10.exd5 Nxd5 11.Nxc6 bxc6 12.Bd4 Nxc3 13.Qxc3 Bh6+ 14.Be3 Bxe3+
15.Qxe3 Qb6 16.Qxe7 Be6 17.Qf6 Rab8 18.Qc3 Rfd8 19.Rxd8+ Rxd8 20.Bd3 Qf2
21.Qd2 Qd4 22.Rd1 Rd7 23.a3  1/2-1/2

[Event "New York op"]
[Site "New York"]
[Date "1998.03.16"]
[Round "2"]
[White "Arizmendi Martinez, Julen Luis"]
[Black "Shabalov, Alexander"]
[Result "0-1"]
[WhiteElo "2480"]
[BlackElo "2615"]

1.e4 c5 2.Nf3 Nc6 3.Nc3 g6 4.d4 cxd4 5.Nxd4 Bg7 6.Be3 Nf6 7.Bc4 O-O 8.Bb3 a5
9.f3 d5 10.Bxd5 Nxd4 11.Bxd4 a4 12.Qd3 e6 13.Bc4 a3 14.b4 Qc7 15.Nb5 Qc6
16.Qc3 Bd7 17.Bd3 e5 18.Be3 Qxc3+ 19.Nxc3 Rfc8 20.Ne2 Nd5 21.exd5 e4 22.fxe4 Bxa1
23.c4 Ra4 24.Bd2 Be5 25.O-O b6 26.Rb1 f5 27.exf5 Bxf5 28.Bxf5 gxf5 29.Rc1 Kf7
30.g3 Bd6 31.Nd4 Bxb4 32.Bxb4 Rxb4 33.Nxf5 Kf6 34.Nd6 Rd8 35.Nb5 Ra8 36.Rc3 Rb2
37.Rxa3 Rxa3 38.Nxa3 Ke5 39.Nb5 Rxa2 40.h3 Rc2  0-1

[Event "JUG-ch53"]
[Site "Belgrade "]
[Date "1998.03.17"]
[Round "4"]
[White "Kontic, Djordje"]
[Black "Markovic, Miroslav"]
[Result "0-1"]
[WhiteElo "2330"]
[BlackElo "2540"]

1.e4 c5 2.Nc3 Nc6 3.Nge2 g6 4.d4 cxd4 5.Nxd4 Bg7 6.Be3 Nf6 7.Bc4 O-O 8.Bb3 d6
9.f3 Bd7 10.h4 Qa5 11.h5 Nxh5 12.Qd2 Nxd4 13.Bxd4 Bxd4 14.Qxd4 Qg5 15.Nd5 Be6
16.Ne3 Qg3+ 17.Kd1 Nf4 18.Bxe6 fxe6 19.Qd2 d5 20.exd5 Nxd5 21.Ng4 Rxf3 22.gxf3 Qxf3+
23.Qe2 Qxh1+ 24.Kd2 Qxa1 25.Qxe6+ Kf8 26.Qe5 Qf1 27.Qh8+ Kf7 28.Qxh7+ Ke6
29.Qxg6+ Nf6  0-1

[Event "VISA GP"]
[Site "Reykjavik"]
[Date "1998.03.17"]
[Round "8"]
[White "Bjornsson, Tomas"]
[Black "Thorhallsson, Throstur"]
[Result "0-1"]
[WhiteElo "2235"]
[BlackElo "2480"]

1.e4 c5 2.Nf3 Nc6 3.Nc3 g6 4.d4 cxd4 5.Nxd4 Bg7 6.Be3 d6 7.Qd2 Nf6 8.f3 O-O
9.O-O-O Qa5 10.Bc4 Bd7 11.h4 Ne5 12.Bb3 Rfc8 13.h5 Nxh5 14.Nd5 Qxd2+ 15.Rxd2 Kf8
16.g4 Nf6 17.Nxf6 Bxf6 18.Rxh7 e6 19.g5 Bg7 20.Rdh2 a5 21.a3 b5 22.Kd2 Rab8
23.R2h4 a4 24.Ba2 b4 25.f4 bxa3 26.b3 axb3 27.Bxb3 Rxb3 28.cxb3 Nf3+ 29.Nxf3 a2
30.Rh1 Bc3+ 31.Ke2 a1=Q 32.Rxa1 Bxa1 33.Bd4 Bxd4 34.Nxd4 Kg8 35.Rh1 e5 36.fxe5 dxe5
37.Nf3 Bg4 38.Kf2 Bxf3 39.Kxf3 Rc3+ 40.Kf2 Rxb3 41.Rd1 Rb8 42.Rd5 Re8 43.Kf3 Re6
44.Rd8+ Kg7 45.Ke3 f5 46.gxf6+ Kxf6 47.Rd1 Kg5 48.Rg1+ Kh4 49.Rh1+ Kg4 50.Rg1+ Kh3
51.Kf3 Rf6+ 52.Ke3 Ra6 53.Rg5 Re6 54.Rg1 Kh4 55.Rh1+ Kg5 56.Rg1+ Kh6 57.Rh1+ Kg7
58.Rf1 Rb6 59.Rg1 Rb3+ 60.Ke2 Kh6 61.Rd1 Kg5 62.Rg1+ Kh5 63.Rd1 Kg4 64.Rg1+ Rg3
65.Rf1 Kg5 66.Rf8 Rh3 67.Rf1 Rh4 68.Ke3 Kh5 69.Rf6 Rh3+ 70.Ke2 Ra3 71.Rf1 g5
72.Rh1+ Kg4 73.Rf1 Kh4 74.Rh1+ Kg3 75.Rf1 g4 76.Rf5 Ra5 77.Rf8 Ra2+ 78.Ke3 Kh2
79.Rh8+ Kg2 80.Rh5 Ra5 81.Rg5 g3 82.Rh5 Kf1 83.Rf5+ Kg1 84.Rh5 g2 85.Ke2 Rb5
86.Rh8 Rb2+ 87.Ke1 Rf2  0-1

[Event "POL-ch"]
[Site "Ksiaz"]
[Date "1998.03.24"]
[Round "11"]
[White "Hnydiuk, Aleksander"]
[Black "Cyborowski, Lukasz"]
[Result "1-0"]
[WhiteElo "2355"]
[BlackElo "2425"]

1.e4 c5 2.Nc3 Nc6 3.Bb5 Nd4 4.Bc4 g6 5.Nf3 Bg7 6.O-O e6 7.Nxd4 cxd4 8.Nb5 d5
9.exd5 exd5 10.Bxd5 Ne7 11.Bf3 a6 12.Na3 d3 13.cxd3 O-O 14.d4 Nf5 15.d5 Nd4
16.Nc2 Nxf3+ 17.Qxf3 Bf5 18.d3 Rc8 19.Ne3 Bxd3 20.Rd1 Bb5 21.Rb1 Qa5 22.a3 Rfe8
23.h3 f5 24.g3 Re4 25.b3 Rc2 26.Nxc2 Be2 27.Qg2 Bxd1 28.Ne3 Qb5 29.Bd2 Bxb3
30.Qf1 Qxf1+ 31.Kxf1 Bc4+ 32.Nxc4 Rxc4 33.Rxb7 Ra4 34.Bb4 a5 35.Ra7 Bf8 36.Ra8 axb4
37.Rxa4 b3 38.Ra8 b2 39.Rb8 Kf7  1-0

[Event "JUG-ch53"]
[Site "Belgrade "]
[Date "1998.03.26"]
[Round "12"]
[White "Kontic, Djordje"]
[Black "Damljanovic, Branko"]
[Result "0-1"]
[WhiteElo "2330"]
[BlackElo "2540"]

1.e4 c5 2.Nc3 Nc6 3.Nge2 d6 4.h3 Nf6 5.g3 g6 6.Bg2 Bg7 7.d3 Rb8 8.f4 Bd7
9.O-O b5 10.a3 O-O 11.g4 Ne8 12.f5 a5 13.Bg5 h6 14.Be3 b4 15.axb4 axb4 16.Nd5 e6
17.f6 Nxf6 18.Nxf6+ Bxf6 19.Bxh6 Bxb2 20.Bxf8 Qxf8 21.Ra2 Be5 22.g5 Qe7 23.h4 Kg7
24.Rf4 Nd4 25.Rg4 Nxe2+ 26.Qxe2 Bd4+ 27.Kh2 e5 28.Rg3 Be6 29.Ra6 Rh8 30.Bf3 Rxh4+
31.Kg2 Qd8 32.Qe1 Qh8 33.Kf1 Rh2 34.Bg2 Qh4 35.Rxd6 Qf4+ 36.Rf3 Qxg5 37.Rg3 Qe7
38.Rxd4 cxd4 39.Rf3 Rh8 40.Qg3 Rh5  0-1

[Event "FRA-chT"]
[Site "FRA"]
[Date "1998.04.03"]
[Round "5"]
[White "Hamdouchi, Hichem"]
[Black "Glavina, Pablo"]
[Result "1-0"]
[WhiteElo "2535"]
[BlackElo "2425"]

1.e4 c5 2.Nc3 Nc6 3.Nge2 Nf6 4.g3 d5 5.exd5 Nd4 6.Bg2 Bg4 7.h3 Bf3 8.Bxf3 Nxf3+
9.Kf1 Nxd5 10.Nf4 Nxf4 11.Qxf3 Ne6 12.Qxb7 f5 13.Ne2 g6 14.Qb5+ Kf7 15.Qc4 Rb8
16.c3 Bh6 17.d4 Bxc1 18.Rxc1 Rxb2 19.Nf4 Qc8 20.Nd3 Rb6 21.d5 Ng5 22.Kg2 Ne4
23.f3 Nd6 24.Qh4 Qb7 25.Rhe1 Nc8 26.c4 Qc7 27.Rc2 h6 28.Rce2 Rf6 29.Re6 Kg7
30.Qf4 Qxf4 31.gxf4 Rxe6 32.Rxe6 Rd8 33.Rc6 Nb6 34.Nxc5 Rd6 35.Rc7 Kf6 36.Nd3 Rd7
37.Rc6+ Rd6 38.Rc7 Rd7 39.Rxd7 Nxd7 40.c5 g5 41.Kg3 e5 42.fxe5+ Nxe5 43.Nxe5 Kxe5
44.c6 Kd6 45.h4 Kc7 46.hxg5 hxg5 47.Kf2 Kd6 48.Ke3 Kc7 49.Kd3 a6 50.a3 a5
51.a4  1-0

[Event "CZE-chT 9798"]
[Site "CZE"]
[Date "1998.04.04"]
[Round "10"]
[White "Gross, Stefan"]
[Black "Trichkov, Vasil"]
[Result "0-1"]
[WhiteElo "2340"]
[BlackElo "2350"]

1.e4 c5 2.Nc3 Nc6 3.Nf3 g6 4.d4 cxd4 5.Nxd4 Bg7 6.Be3 Nf6 7.Bc4 Qa5 8.O-O O-O
9.Nb3 Qc7 10.f4 d6 11.Be2 a6 12.a4 Na5 13.e5 dxe5 14.fxe5 Qxe5 15.Bd4 Qc7
16.Bxf6 exf6 17.Nd5 Qd8 18.Nxa5 Qxa5 19.Nxf6+ Bxf6 20.Rxf6 Qe5 21.Rf2 Qxb2
22.Rb1 Qc3 23.Rb3 Qc7 24.Qd4 Be6 25.Rc3 Qa5 26.Rc5 Rad8 27.Rxa5 Rxd4 28.Bf3 Rb4
29.c3 Rb3 30.Rc5 Rd8 31.a5 Rd3 32.Rc7 Rdxc3 33.Rxc3 Rxc3 34.Bxb7 Bc4 35.Rb2 Ra3
36.Rc2 Bb5 37.Rc7 Rxa5 38.Bd5 Ra1+ 39.Kf2 Rf1+ 40.Ke3 Kg7 41.h4 Rf5 42.Ke4 h5
43.g3 Be2 44.Kd4 Rf6 45.Ra7 Bg4 46.Bc4 Be6 47.Be2 Rf2  0-1

[Event "FRA-chT"]
[Site "FRA"]
[Date "1998.04.05"]
[Round "7"]
[White "Sarthou, Gaetan"]
[Black "Desbones, Samy"]
[Result "1-0"]
[WhiteElo "2305"]
[BlackElo "2220"]

1.e4 c5 2.Nc3 Nc6 3.Nge2 g6 4.d4 cxd4 5.Nxd4 Bg7 6.Be3 d6 7.Qd2 Nf6 8.f3 O-O
9.Bc4 Bd7 10.O-O-O Qb8 11.Bb3 b5 12.g4 Na5 13.g5 Nxb3+ 14.cxb3 b4 15.Nce2 Rc8+
16.Kb1 Ne8 17.h4 a5 18.Rc1 Qb7 19.h5 e5 20.hxg6 hxg6 21.Nc2 Be6 22.Ng3 d5
23.Qh2 Nd6 24.f4 dxe4 25.fxe5 Nb5 26.Qh7+ Kf8 27.Nh5 gxh5 28.g6 fxg6 29.Bh6 Qf7
30.Rhf1 Bf5 31.Rxf5 gxf5 32.Rg1 Bxh6 33.Qxh6+ Ke8 34.e6 Nd6 35.exf7+ Nxf7
36.Qf6 Rc7  1-0

[Event "Neckar op 2nd"]
[Site "Deizisau"]
[Date "1998.04.10"]
[Round "6"]
[White "Galdunts, Sergey"]
[Black "Kupreichik, Viktor D"]
[Result "1/2-1/2"]
[WhiteElo "2445"]
[BlackElo "2505"]

1.e4 c5 2.Nc3 Nc6 3.Nge2 d6 4.d4 cxd4 5.Nxd4 Nf6 6.Bc4 Bd7 7.O-O g6 8.Be3 Bg7
9.h3 O-O 10.Bb3 a6 11.f4 b5 12.Qe1 b4 13.Nce2 a5 14.a4 Rc8 15.f5 Nxe4 16.fxg6 hxg6
17.Qh4 Nf6 18.Nf3 Nh7 19.Qg3 Kh8 20.Qh4 Kg8 21.Qg3 Kh8 22.Qh4 Kg8 23.Qg3  1/2-1/2

[Event "Dreifluesse op"]
[Site "Passau"]
[Date "1998.04.10"]
[Round "1"]
[White "Thielen, Dankward"]
[Black "Viertlboeck, Johann"]
[Result "1-0"]
[WhiteElo "2145"]
[BlackElo "1750"]

1.e4 c5 2.Nc3 Nc6 3.Nge2 g6 4.d4 cxd4 5.Nxd4 Bg7 6.Be3 d6 7.Bc4 Nf6 8.h3 O-O
9.Bb3 Bd7 10.O-O Rc8 11.f4 a6 12.Nf3 Qc7 13.Qe1 b5 14.a3 Na5 15.e5 Ne8 16.Nd5 Qd8
17.Bb6  1-0

[Event "Dreifluesse op"]
[Site "Passau"]
[Date "1998.04.10"]
[Round "2"]
[White "Chocholka, Klaus Juergen"]
[Black "Winter, Astrid"]
[Result "0-1"]
[WhiteElo "1600"]
[BlackElo "1896"]

1.e4 c5 2.Nf3 Nc6 3.Nc3 d6 4.Bc4 Nf6 5.h3 e6 6.d4 cxd4 7.Nxd4 a6 8.a4 Be7
9.O-O O-O 10.Be3 Qc7 11.Bb3 Bd7 12.Qd2 Rac8 13.f3 Na5 14.Rac1 Nc4 15.Bxc4 Qxc4
16.Nce2 e5 17.b3 Qc7 18.Nf5 Bxf5 19.exf5 d5 20.Rfd1 Ba3 21.Ra1 Bb2 22.Ra2 Bc3
23.Nxc3 Qxc3 24.Qxc3 Rxc3 25.Bd2 Rc6 26.Bg5 d4 27.Re1 Nd7 28.Re2 f6 29.Bh4 Rfc8
30.Be1 Nb6 31.f4 Re8 32.Re4 Nd5 33.Bd2 Kf7 34.Kf2 g6 35.fxg6+ hxg6 36.Ke2 Ke6
37.Kd3 Rec8 38.fxe5 fxe5 39.Rg4 Kf5 40.Ra1 Nf4+ 41.Bxf4 exf4 42.Rf1 g5 43.Rf2 Rc3+
44.Kxd4 Rxc2 45.Rxc2 Rxc2 46.b4 b5 47.axb5 axb5 48.g3 Rc4+ 49.Kd3 Rxb4 50.gxf4 Rxf4
51.Rg1 b4 52.Rb1 Rh4 53.Ke2 Ke5 54.Rg1 Kf5 55.Rb1 Rf4 56.Rb3 Re4+ 57.Kf2 Rc4
58.Kf1 Ke6 59.Ke2 Kd6 60.Kd2 Kc6 61.Rg3 Rc5 62.Rg4 Kb5 63.h4 gxh4 64.Rxh4 Ka4
65.Rh8 Ka3 66.Ra8+ Kb2 67.Ra7 b3 68.Ra6 Rd5+ 69.Ke2 Kb1 70.Ra8 b2 71.Ra7 Rd4
72.Ke1 Kc2 73.Rc7+ Kb3 74.Rb7+ Rb4  0-1

[Event "Neckar op 2nd"]
[Site "Deizisau"]
[Date "1998.04.11"]
[Round "7"]
[White "Kupreichik, Viktor D"]
[Black "Gheng, Josef"]
[Result "1-0"]
[WhiteElo "2505"]
[BlackElo "2350"]

1.e4 c5 2.Nc3 Nc6 3.Nf3 g6 4.d4 cxd4 5.Nxd4 Bg7 6.Nb3 Nf6 7.Be2 O-O 8.O-O d6
9.Bg5 a5 10.a4 Be6 11.Re1 Rc8 12.Bb5 Nd7 13.Nd5 f6 14.Bd2 Ndb8 15.Bc3 Bf7
16.Qd2 b6 17.Rad1 Nd7 18.Nd4 Ncb8 19.Nb3 Kh8 20.f4 Bh6 21.Qf2 g5 22.Nd4 e6
23.fxg5 Bxg5 24.Nf3 Bh6 25.Ne3 Rxc3 26.bxc3 Nc5 27.Nc4 d5 28.Qh4 Bg7 29.exd5 exd5
30.Ne3 Ne4 31.Nxd5 Ng5 32.Qf2 Bxd5 33.c4 Nxf3+ 34.gxf3 f5 35.cxd5 Nd7 36.d6 Ne5
37.Rd5 Qg5+ 38.Kh1 Nf7 39.d7 Rg8 40.Re8 Qc1+ 41.Qf1 Qg5 42.Qg1  1-0

[Event "Dreifluesse op"]
[Site "Passau"]
[Date "1998.04.11"]
[Round "3"]
[White "Fink, Waldemar"]
[Black "Bierbach, Utz Friedrich"]
[Result "0-1"]
[WhiteElo "1700"]
[BlackElo "2095"]

1.e4 c5 2.Nc3 Nc6 3.Nf3 d6 4.h3 e5 5.Bc4 Be6 6.Bxe6 fxe6 7.d3 Be7 8.Nh2 Nf6
9.Bg5 O-O 10.O-O Nd4 11.Ne2 Nd7 12.Bxe7 Qxe7 13.c3 Nxe2+ 14.Qxe2 Rf6 15.Ng4 Rg6
16.f4 exf4 17.Rxf4 Rf8 18.Rxf8+ Qxf8 19.Rf1 Qe7 20.d4 h5 21.Ne3 Qh4 22.Nc4 cxd4
23.cxd4 d5 24.Nd6 Nf6 25.Re1 dxe4 26.Nxe4 Nd5 27.Qf2 Qxh3 28.Re2 Qg4 29.Nc5 Nf4
30.Re3 Nxg2 31.Re4 Nf4+ 32.Kf1 Qh3+ 33.Ke1 Qh1+ 34.Kd2 Rg2 35.Rxf4 Rxf2+
36.Rxf2 Qb1 37.Nxe6 Qxb2+ 38.Ke3 Qc3+ 39.Kf4 Qe1 40.Rf3 Qxe6 41.Rb3 b6 42.Re3 g5+
43.Kf3 Qd5+ 44.Re4 Qxa2 45.Re5 Qd2 46.Ke4 Qe2+ 47.Kd5 Qd2 48.Ke4 h4 49.d5 h3
50.Re8+ Kf7 51.Rh8 h2 52.Rh3  0-1

[Event "Dreifluesse op"]
[Site "Passau"]
[Date "1998.04.11"]
[Round "4"]
[White "Gipslis, Aivars"]
[Black "Ennsberger, Ulrich"]
[Result "1/2-1/2"]
[WhiteElo "2450"]
[BlackElo "2222"]

1.e4 c5 2.Nf3 Nc6 3.Nc3 e6 4.Bb5 Nge7 5.O-O a6 6.Bxc6 Nxc6 7.d4 cxd4 8.Nxd4 d6
9.Re1 Be7 10.Nxc6 bxc6 11.e5 d5 12.Qg4 Kf8 13.Ne2 h5 14.Qg3 h4 15.Qg4 g6
16.Nf4 c5 17.c4 Bb7 18.cxd5 Bxd5 19.Bd2 Ra7 20.Nxd5 Qxd5 21.Red1 Qc6 22.Bg5 Bxg5
23.Qxg5 Rd7 24.Rxd7 Qxd7 25.h3 Qd4 26.Re1 Rh5 27.Qe3 Qxb2 28.Qxc5+ Kg7 29.a3 Rf5
30.Qe3 g5 31.Re2 Qa1+ 32.Re1 Qb2 33.Re2 Qa1+ 34.Re1  1/2-1/2

[Event "Dreifluesse op"]
[Site "Passau"]
[Date "1998.04.12"]
[Round "6"]
[White "Mueller, Georg"]
[Black "Zoeller, Thomas"]
[Result "1/2-1/2"]
[WhiteElo "2065"]
[BlackElo "1875"]

1.e4 c5 2.Nc3 Nc6 3.Nge2 Nf6 4.g3 d6 5.Bg2 g6 6.d4 cxd4 7.Nxd4 Bd7 8.Bg5 Bg7
9.Qd2 O-O 10.Nxc6 Bxc6 11.O-O-O Qb6 12.Be3 Qb4 13.a3 Qa5 14.Kb1 Rfe8 15.f3 b5
16.Nd5  1/2-1/2

[Event "St Petersburg-ch"]
[Site "St Petersburg"]
[Date "1998.04.16"]
[Round "9"]
[White "Shchukin, Dmitry"]
[Black "Biriukov, Oleg V"]
[Result "1/2-1/2"]
[WhiteElo "2390"]
[BlackElo "2390"]

1.e4 c5 2.Nc3 Nc6 3.Nge2 g6 4.d4 cxd4 5.Nxd4 Bg7 6.Be3 Nf6 7.Bc4 O-O 8.Bb3 d6
9.f3 Bd7 10.Qd2 a5 11.a4 Rc8 12.O-O Nxd4 13.Bxd4 Be6 14.Ra3 Nd7 15.Bxe6 fxe6
16.Rb3 Bxd4+ 17.Qxd4 b6 18.Rb5 Qc7 19.h4 Qc4 20.Qxc4 Rxc4 21.h5 Rfc8 22.hxg6 hxg6
23.Kf2 Rb4 24.Ke3 Ne5 25.Rb1 Rxb5 26.axb5 g5 27.Kd2 Nc4+ 28.Kd3 Rc5 29.b3 Ne5+
30.Kd4 Kg7 31.Rh1 Nd7 32.g3 e5+ 33.Kd3 Nf6 34.Ra1 Ne8 35.Ra4 Nf6 36.Rc4 Rxc4
37.Kxc4 e6 38.Na4 Nd7 39.Kd3 Kf6 40.c4 Kg6 41.Ke3 Kh5 42.Kf2 Kg6 43.Ke2 Kh6
44.Ke1 Kh5 45.Kd2 Kg6 46.Kc3 Kh5 47.c5 dxc5 48.Kc4 g4 49.fxg4+ Kxg4 50.Nxb6 Nxb6+
51.Kxc5 a4 52.bxa4 Nxa4+ 53.Kd6 Kxg3 54.Kxe5 Kf3 55.Kxe6 Kxe4  1/2-1/2

[Event "GRE-chT"]
[Site "Poros"]
[Date "1998.04.20"]
[Round "1"]
[White "Stavrakakis, Vasilios"]
[Black "Tzermiadianos, Andreas"]
[Result "1/2-1/2"]
[WhiteElo "2205"]
[BlackElo "2445"]

1.e4 c5 2.Nf3 Nc6 3.Nc3 e5 4.Bc4 d6 5.O-O h6 6.Nd5 g5 7.c3 Bg7 8.Ne1 Nge7
9.Qh5 Ng6 10.Nc2 O-O 11.g3 Be6 12.Nce3 Kh7 13.Ng4 f5 14.exf5 Bxf5 15.Nge3 e4
16.d3 Qd7 17.Nxf5 Qxf5 18.Nc7 exd3 19.Nxa8 Rxa8 20.Qd1 Nce5 21.Bd5 Rf8 22.f4 gxf4
23.Bxf4 Ng4 24.Bf3 N4e5 25.Bg2 c4 26.Bxh6 Bxh6 27.Rxf5 Be3+ 28.Kh1 Rxf5 29.Be4 Rg5
30.Qe1 Ng4 31.Bxg6+ Rxg6 32.h3 Nf2+ 33.Kg2 Re6 34.Kf3 d2 35.Qe2 b5 36.Qxf2 Bxf2
37.Kxf2 Re5 38.Rd1 Rd5 39.b3 cxb3 40.axb3 Rd3 41.b4 Kg6 42.Ke2 Rxc3 43.Rxd2 Rxg3
44.Rxd6+ Kf5 45.Rd5+ Ke4 46.Rxb5 Rxh3  1/2-1/2

[Event "London m"]
[Site "London"]
[Date "1998.04.21"]
[Round "6"]
[White "Adams, Michael"]
[Black "Rowson, Jonathan"]
[Result "1/2-1/2"]
[WhiteElo "2670"]
[BlackElo "2485"]

1.e4 c5 2.Nc3 Nc6 3.Nf3 g6 4.Bb5 Bg7 5.Bxc6 bxc6 6.O-O Nh6 7.d3 O-O 8.h3 d6
9.e5 Nf5 10.Re1 Rb8 11.Rb1 Be6 12.Bf4 Bd5 13.Nxd5 cxd5 14.c3 dxe5 15.Nxe5 Rb6
16.Qa4 Bxe5 17.Bxe5 f6 18.Bh2 Qa8 19.b4 Qb7 20.Bf4  1/2-1/2

[Event "Zepter op"]
[Site "Minsk"]
[Date "1998.04.30"]
[Round "6"]
[White "Nikolenko, Oleg"]
[Black "Mochalov, Evgeny V"]
[Result "1/2-1/2"]
[WhiteElo "2495"]
[BlackElo "2430"]

1.e4 c5 2.Nf3 Nc6 3.Nc3 e5 4.Bc4 d6 5.d3 Be7 6.O-O Nf6 7.Ng5 O-O 8.f4 exf4
9.Bxf4 h6 10.Nf3 Be6 11.Qd2 Kh7 12.Rae1 d5 13.exd5 Nxd5 14.Nxd5 Bxd5 15.Ne5 Nxe5
16.Bxd5 Qxd5 17.Rxe5 Qd4+ 18.Kh1 Bg5 19.Rf5 Bxf4 20.Qxf4 f6 21.Qf3 b6 22.c3 Qd7
23.d4  1/2-1/2

[Event "SVR-ch MA"]
[Site "Nickenich"]
[Date "1998.04.??"]
[Round "?"]
[White "Lorenz, Georg"]
[Black "Rychel, Dieter"]
[Result "1-0"]
[WhiteElo "1865"]
[BlackElo "1970"]

1.e4 c5 2.Nf3 Nc6 3.Nc3 d6 4.d4 cxd4 5.Nxd4 g6 6.Bc4 Bg7 7.Be3 Nf6 8.O-O O-O
9.Qe2 Nxe4 10.Nxc6 Nxc3 11.Nxe7+ Qxe7 12.bxc3 Bxc3 13.Rad1 Bf5 14.Bd5 Rac8
15.g4 Be6 16.Bxa7 Rfe8 17.Be3 Qd7 18.h3 b5 19.Qf3 Be5 20.Rd2 Rc3 21.Rfd1 Rec8
22.Qe4 Bxd5 23.Qxd5 Qc6 24.Bh6 Rxh3 25.g5 Qxd5 26.Rxd5 Rhc3 27.Rxb5 Rxc2
28.a4 Rc1 29.Rxc1 Rxc1+ 30.Kg2 Rc8 31.a5 Bg7 32.a6 Bd4 33.Rb7 Ra8 34.f4 Bc5
35.Kf3 d5 36.f5 gxf5 37.Kf4 Bd6+ 38.Kxf5 Rxa6 39.Rd7 f6 40.gxf6 Bb4 41.f7+ Kh8
42.Rd8+  1-0

[Event "FRA-chT"]
[Site "FRA"]
[Date "1998.05.10"]
[Round "10"]
[White "Lamoureux, Charles"]
[Black "Sorin, Maxime"]
[Result "1-0"]
[WhiteElo "2370"]
[BlackElo "2250"]

1.e4 c5 2.Nf3 Nc6 3.Nc3 d6 4.d4 cxd4 5.Nxd4 Nf6 6.Bc4 Qb6 7.Nde2 e6 8.O-O Be7
9.Bb3 O-O 10.Bg5 Rd8 11.Kh1 a6 12.Ng3 Qc7 13.f4 b5 14.f5 b4 15.Na4 d5 16.Qe1 Nxe4
17.Nxe4 dxe4 18.Bxe7 Qxe7 19.Qxe4 Nd4 20.fxe6 Bxe6 21.Bxe6 Qxe6 22.Qxe6 Nxe6
23.Rad1 Rac8 24.c3 bxc3 25.Nxc3 Rb8 26.Na4 Rbc8 27.Nc3 Rb8 28.Na4 Rbc8 29.Kg1 Kf8
30.Nc3 Rb8 31.Na4 Rb4 32.Rxd8+ Nxd8 33.b3 Rd4 34.Rb1 Ke7 35.Rb2 Kd6 36.Kf2 f5
37.Rc2 Ne6 38.Nb6 h6 39.Nc4+ Ke7 40.Ne5 Kf6 41.Nc6 Rd6 42.b4 f4 43.a4 Nd4
44.Nxd4 Rxd4 45.Rb2 Rd6 46.Kf3 Kf5 47.b5 axb5 48.Rxb5+ Ke6 49.a5 Rd4 50.h4 Ra4
51.h5 Kf7 52.Kg4 g6 53.Rb7+ Kf8 54.Rb8+ Kg7 55.Rb7+ Kf8 56.Rb5 Kf7 57.hxg6+ Kxg6
58.Rb6+ Kg7 59.a6 Kh7 60.Kf5 Kg7 61.Rb7+  1-0

[Event "FRA-chT"]
[Site "FRA"]
[Date "1998.05.10"]
[Round "10"]
[White "Hamdouchi, Hichem"]
[Black "Ikonnikov, Vyacheslav"]
[Result "1/2-1/2"]
[WhiteElo "2535"]
[BlackElo "2550"]

1.e4 c5 2.Nc3 Nc6 3.Nge2 Nd4 4.Nxd4 cxd4 5.Ne2 e5 6.c3 dxc3 7.Nxc3 Bc5 8.Bc4 Nf6
9.O-O O-O 10.d3 h6 11.Be3 Bxe3 12.fxe3 d6 13.Qb3 Qe7 14.Rf2 Be6 15.Raf1 Rac8
16.Nd5 Bxd5 17.Bxd5 Nxd5 18.Qxd5 Rc7 19.h3  1/2-1/2

[Event "Boca Juniors op"]
[Site "Buenos Aires"]
[Date "1998.05.11"]
[Round "5"]
[White "Giaccio, Alfredo"]
[Black "Bulcourf, Carlos"]
[Result "1-0"]
[WhiteElo "2460"]
[BlackElo "2285"]

1.e4 c5 2.Nf3 Nc6 3.Nc3 Nd4 4.Bc4 e6 5.Nxd4 cxd4 6.Ne2 Qc7 7.d3 Bc5 8.O-O Ne7
9.Ng3 d5 10.exd5 exd5 11.Bb3 a5 12.Qf3 a4 13.Bxd5 Nxd5 14.Qxd5 O-O 15.Bf4 Qxf4
16.Qxc5 Bg4 17.h3 Rac8 18.Qb4 Bd7 19.c3 Rfe8 20.cxd4 Bc6 21.Rae1 Red8 22.Ne4 Qh4
23.Re3 Rc7 24.Rfe1 h6 25.Rg3 Kh8 26.Qa5 Rcc8 27.Qe5 f6 28.Qf5 Bxe4 29.Rxe4 Rc1+
30.Kh2 Qxg3+ 31.Kxg3 Rc2 32.Qb5 f5 33.Re8+ Rxe8 34.Qxe8+ Kh7 35.d5 Rd2 36.Qe3  1-0

[Event "Clichy"]
[Site "Clichy"]
[Date "1998.05.18"]
[Round "3"]
[White "Montheard, Xavier"]
[Black "Adrian, Claude"]
[Result "1/2-1/2"]
[WhiteElo "2220"]
[BlackElo "2335"]

1.e4 c5 2.Nf3 Nc6 3.Nc3 g6 4.d4 cxd4 5.Nxd4 Bg7 6.Be3 Nf6 7.Nb3 O-O 8.Be2 a5
9.a4 Nb4 10.Bf3 d5 11.exd5 Bf5 12.Rc1 Rc8 13.O-O Rxc3 14.bxc3 Na2 15.c4 Nxc1
16.Qxc1 Qd7 17.Qa3 Rc8 18.Nxa5 Be4 19.Bb6 Bxf3 20.Qxf3 Qxa4 21.c5 Nd7 22.Nxb7 Be5
23.Nd8 Bf6 24.Nc6 Qxc2 25.Qe3 Qf5 26.Nxe7+ Bxe7 27.Qxe7 Qxd5 28.h3 Rc6 29.Re1  1/2-1/2

[Event "Warsaw-ch"]
[Site "Warsaw"]
[Date "1998.05.25"]
[Round "3"]
[White "Deszczynski, Adam"]
[Black "Shishkin, Vadim"]
[Result "1/2-1/2"]
[WhiteElo "2290"]
[BlackElo "2415"]

1.e4 c5 2.Nf3 Nc6 3.Nc3 d6 4.d4 cxd4 5.Nxd4 Nf6 6.Bc4 e5 7.Nf3 Be6 8.Bb3 Be7
9.O-O O-O 10.Re1 Na5 11.Bg5 Ne8 12.Qd2 Nc4 13.Bxc4 Bxc4 14.Bxe7 Qxe7 15.b3 Be6
16.Nd5 Bxd5 17.Qxd5 Nf6 18.Qd3 Qc7 19.c4 g6 20.g3 a6 21.Rad1 Rfd8 22.a4 Rab8
23.Ra1 b5 24.cxb5 axb5 25.a5 Qc5 26.Qd2 b4 27.Qg5 Kg7 28.Nh4 Ng8 29.Nf5+ Kh8
30.Ne3 Rd7 31.Red1 Qc3 32.Rab1 Qc6 33.Nd5 Ra7 34.Rbc1 Qa6 35.Rc4 Qxa5 36.Rdc1 Qd8
37.Qxd8 Rxd8 38.g4 h6 39.h4 Ne7 40.Nf6 g5 41.Rc7 Rxc7 42.Rxc7 Kg7 43.hxg5 hxg5
44.Rxe7 Kxf6 45.Rb7  1/2-1/2